000 00754pam a2200253 a 4500
008
020 _a083113044X(hbk.) :
_c$69.95
049 _aMAIN
090 _aTS192
100 1 _aMoubray, John.
245 1 0 _aReliability-centred maintenance /
_cJohn Moubray.
260 _aNew York, N.Y. :
_bIndustrial Press ,
_cc1992.
300 _axiv, 320 p. :
_bill. ;
_c24 cm.
500 _aIncludes index.
504 _aIncludes bibliographical references.
650 0 _aPlant maintenance.
650 0 _aReliability (Engineering)
650 0 _aMaintainability (Engineering)
907 _a.b10002327
_b10-11-05
_c17-04-03
003
005 20230123133751.0
040 _cNUST
942 _cBOOKS
_kTS192
999 _c154275
_d154275